| 000 | 01100cam a2200313 i 4500 | ||
|---|---|---|---|
| 001 | 42470 | ||
| 003 | Mx-PuUPA | ||
| 005 | 20250612143609.0 | ||
| 008 | 140415s2002 mx a gr 001 0 spa d | ||
| 020 | _a9702402603 | ||
| 040 |
_aMx-PuUPA _bspa _cMx-PuUPA _dMx-PuUPA _erda |
||
| 041 | 0 | _aspa | |
| 100 | 1 |
_aOcampo Sámano, José Eliseo _eautor _910986 |
|
| 245 | 1 | 0 |
_aCostos y evaluación de proyectos / _cJosé Eliseo Ocampo Sámano |
| 250 | _aPrimera edición | ||
| 264 | 1 |
_aMéxico, D.F. : _bCompañía Editorial Continental, _c2002 |
|
| 300 |
_a266 páginas : _bilustraciones, tablas ; _c25 cm |
||
| 336 |
_2rdacontent _atexto _btxt |
||
| 337 |
_2rdamedia _asin medio _bn |
||
| 338 |
_2rdacarrier _avolumen _bnc |
||
| 650 | 7 |
_2armarc _aAdministración de proyectos |
|
| 650 | 7 |
_2armarc _aCostos de producción |
|
| 650 | 7 |
_2amarc _aContabilidad de costos |
|
| 650 | 7 |
_2armarc _aEvaluación de proyectos |
|
| 942 |
_2ddc _cLI _h658.1553 _iO55 |
||
| 999 |
_c42470 _d42470 |
||